Tìm hiểu âm lịch nước ta

Sparad:
Bibliografiska uppgifter
Övriga upphovsmän: Lê, Minh Triết, Nguyễn Xiển, Lê, Thành Lân, Nguyễn, Mậu Tùng
Materialtyp: Bok
Publicerad: Hà Nội Khoa học và kỹ thuật 1985
Ämnen:
Taggar: Lägg till en tagg
Inga taggar, Lägg till första taggen!
Thư viện lưu trữ: Trung tâm Học liệu Lê Vũ Hùng, Trường Đại học Đồng Tháp
LEADER 00909pam a22003378a 4500
001 00000145
005 20171026081022.0
008 110317s1985 ||||||Viesd
020 |c 1200 
020 |d 1 
041 0 # |a Vie 
082 1 4 |a 529  |b T310H 
245 1 0 |a Tìm hiểu âm lịch nước ta  |c Nguyễn Xiển...[và nh. ng. khác] 
260 # # |a Hà Nội  |b Khoa học và kỹ thuật  |c 1985 
300 # # |a 78tr.  |c 19cm 
653 # # |a Âm lịch - Việt Nam 
700 1 # |a Lê, Minh Triết 
700 0 # |a Nguyễn Xiển 
700 1 # |a Lê, Thành Lân 
700 1 # |a Nguyễn, Mậu Tùng 
852 # # |b Kho đọc  |j KD.0000033 
852 # # |j KD.0000030 
910 |d 17/03/2011 
980 # # |a Trung tâm Học liệu Lê Vũ Hùng, Trường Đại học Đồng Tháp